№ 7/8; Известия Академии Наук СССР. Отделение технических наук

Detaylı Bibliyografya
Parent link:Известия Академии Наук СССР. Отделение технических наук: научный журнал/ Академия наук СССР (АН СССР). № 7/8.— , 1937-1958
Dil:Rusça
Baskı/Yayın Bilgisi: 1941
Materyal Türü: Kitap
KOHA link:https://koha.lib.tpu.ru/cgi-bin/koha/opac-detail.pl?biblionumber=502390

MARC

LEADER 00000nam2a2200000 4500
001 502390
005 20231101102340.0
035 |a (RuTPU)RU\TPU\prd\172911 
035 |a RU\TPU\prd\172901 
090 |a 502390 
100 |a 20130327b1941 k y0rusy50 ca 
101 0 |a rus 
102 |a RU 
200 0 |a № 7/8 
210 |d 1941 
461 1 |0 (RuTPU)RU\TPU\prd\762  |t Известия Академии Наук СССР. Отделение технических наук  |o научный журнал  |f Академия наук СССР (АН СССР)  |v № 7/8  |d 1937-1958 
801 0 |a RU  |b 63413507  |c 20010227  |g PSBO 
801 1 |a RU  |b 63413507  |c 20130327 
801 2 |a RU  |b 63413507  |c 20130327  |g RCR 
942 |c BK 
999 |a НТБ_ТПУ  |b НФ  |e -4/20130109  |p П-701г  |u 0,00  |v 1  |x 3924